All Clippers Hall Of Famers - Statistics

General Stats
  • This quiz has been taken 7 times
  • The average score is 4 of 8
Answer Stats
Picture Answer % Correct
Grant Hill
100%
Bill Walton
83%
Moses Malone
67%
Adrian Dantley
50%
Bob Mcadoo
50%
Dominique Wilkins
50%
Jamaal Wilkes
33%
Paul Pirce
0%
No matching quizzes found
Score Distribution
Percent of People with Each Score
Percentile by Number Answered
Your Score History
You have not taken this quiz